| 000 | 00934cam a22002775a 4500 | ||
|---|---|---|---|
| 001 | 015874596 | ||
| 003 | OSt | ||
| 005 | 20160517144824.0 | ||
| 008 | 110817s2014 enkab frb 001 0 eng d | ||
| 020 | _a9780857023988 (pbk.) | ||
| 040 |
_aStDuBDS _beng _cStDuBDS _dUk _dEG-ScBUE |
||
| 082 | 0 | 4 |
_a320.85 _222 _bURB |
| 245 | 0 | 0 |
_aUrban politics : _bcritical approaches / _cedited by Mark Davidson & Deborah Martin. |
| 260 |
_aLondon : _bSAGE, _c2014. |
||
| 300 |
_axiv, 235 p. : _bill. ; _c25 cm. |
||
| 500 | _aIndex : p. [231]-235. | ||
| 504 | _aIncludes bibliographical references. | ||
| 650 | 7 |
_aCities and towns _xPolitical aspects. _2BUEsh _940008 |
|
| 650 | 7 |
_aMunicipal government. _2BUEsh _940009 |
|
| 650 | 7 |
_aMetropolitan government. _2BUEsh _940010 |
|
| 651 | _2BUEsh | ||
| 653 |
_bBUSADM _cMay2016 |
||
| 700 | 1 |
_aDavidson, Mark, _d1979- _eeditor. |
|
| 700 | 1 |
_aMartin, Deborah _c(Professor of Geography) _eeditor. |
|
| 942 | _2ddc | ||
| 999 |
_c21769 _d21741 |
||